| 000 | 01345cam a22003737a 4500 | ||
|---|---|---|---|
| 003 | CHAP | ||
| 005 | 20220329143023.0 | ||
| 008 | 050826d2004 mx r 00110 spa d | ||
| 010 | _a90786 | ||
| 011 | _a91758 | ||
| 020 | _a9682321689 | ||
| 035 | _a102321 | ||
| 040 | _cCHAP | ||
| 082 | 0 | 4 |
_a658.4063 _bC3 2004 |
| 100 | 0 | 0 |
_aCastells, Manuel. _920044 |
| 245 | 1 | 3 |
_aLa era de la información : _beconomía, sociedad y cultura _c/por Manuel Castells |
| 250 | _a5 ed. | ||
| 260 |
_aMéxico, D. F. : _bsiglo XXI, _c2004. |
||
| 300 | _av. | ||
| 500 | _aLa biblioteca tiene : v.1 La sociedad red | ||
| 590 |
_aBATCH-UPD _b10 _c20130110 _lUCH01 _h0524 |
||
| 590 |
_aBATCH-UPD _b10 _c20130410 _lUCH01 _h0204 |
||
| 590 |
_aBATCH-UPD _b10 _c20130914 _lUCH01 _h0856 |
||
| 590 |
_aCONVERSION _b10 _c20130109 _lUCH01 _h1350 |
||
| 650 | 1 | 4 |
_aInformación _xTeoría de la. _958078 |
| 650 | 1 | 4 |
_aInnovaciones tecnológicas. _958829 |
| 650 | 1 | 4 |
_aRedes computarizadas. _995378 |
| 901 | _aBK | ||
| 905 | _aLilia | ||
| 942 | _cLIBRO | ||
| 949 |
_a658.4063 C3 2004 _bBC _cLIBRO _d33724000965141 _eLIBRO _fv.1 c.3 _gI.c/e _h107349 _i102321 _sb _t$286.00 |
||
| 949 |
_a658.4063 C3 2004 _bBC _cLIBRO _d33724000977781 _eLIBRO _fv.1 c.2 _gI.c/e _h106615 _i102321 _si _t$286.00 |
||
| 949 |
_a658.4063 C3 2004 _bBC _cLIBRO _d33724000977849 _eLIBRO _fv.1 _gI.c/e _h106614 _i102321 _si _t$286.00 |
||
| 999 |
_c90786 _d90786 |
||